Antiquities under siege : (Record no. 19073)

000 -LEADER
fixed length control field 00763cam a2200217 a 4500
020 ## - INTERNATIONAL STANDARD BOOK NUMBER
ISBN 9780759110984 (cloth : alk. paper)
020 ## - INTERNATIONAL STANDARD BOOK NUMBER
ISBN 0759110980 (cloth : alk. paper)
020 ## - INTERNATIONAL STANDARD BOOK NUMBER
ISBN 9780759110991 (pbk. : alk. paper)
020 ## - INTERNATIONAL STANDARD BOOK NUMBER
ISBN 0759110999 (pbk. : alk. paper)
040 ## - CATALOGING SOURCE
Transcribing agency DLC
082 00 - DEWEY DECIMAL CLASSIFICATION NUMBER
Classification number 363 ALT 2008 C160 Or.
245 00 - TITLE STATEMENT
Title Antiquities under siege :
Remainder of title cultural heritage protection after the Iraq war /
260 ## - PUBLICATION, DISTRIBUTION, ETC. (IMPRINT)
Place of publication Lanham, MD :
Name of publisher AltaMira Press,
Year of publication c2008.
300 ## - PHYSICAL DESCRIPTION
Number of Pages xx, 322 p., [12] p. of plates :
Other physical details ill., maps ;
Dimensions 23 cm.
650 #0 - SUBJECT ADDED ENTRY--TOPICAL TERM
Topical Term Iraq War, 2003-2011
650 #0 - SUBJECT ADDED ENTRY--TOPICAL TERM
Topical Term Archaeological thefts
650 #0 - SUBJECT ADDED ENTRY--TOPICAL TERM
Topical Term Cultural property
700 1# - ADDED ENTRY--PERSONAL NAME
Personal name Rothfield, Lawrence,
856 41 - ELECTRONIC LOCATION AND ACCESS
Uniform Resource Identifier http://www.loc.gov/catdir/toc/ecip083/2007043447.html
942 ## - ADDED ENTRY ELEMENTS (KOHA)
Koha item type ADB
952 ## - LOCATION AND ITEM INFORMATION (KOHA)
Withdrawn status [LOCAL, KOHA] 0
Holdings
Koha item type Source of acquisition Lost status Permanent Location Current Location Date acquired Full call number
សៀវភៅភាសាអង់គ្លេសA34868 Library Block CLibrary Block C2020-03-06363 ALT 2008 C160 Or.
មជ្ឈមណ្ឌលឯការនៃសាកលវិទ្យាល័យភូមិន្ទកសិកម្មចំការដូង

Powered by Koha